000
00233 a2200097 4500
001
38763
100
_a
Stephen
245
_a
The seven habits highly effective people
260
_a
Lahore
_b
PAF Book Club
_c
1996
090
_c
24581
_d
24581
942
_a
NUST-CAE
_c
M
_c
16204
999
_c
273836
_d
273836